载入...
Steganalysis using Wavelet Statistics
| 主要作者: | |
|---|---|
| 格式: | Printed Book |
| 出版: |
2008-2010
|
| LEADER | 00383cam a2200133ua 4500 | ||
|---|---|---|---|
| 001 | 3536 | ||
| 008 | 120319n ii |||frmmmmZ001|0| | ||
| 100 | |a Jesna Mohan. | ||
| 245 | |a Steganalysis using Wavelet Statistics |h Theses | ||
| 260 | |c 2008-2010 | ||
| 852 | |t 1 |p DCSD91 | ||
| 942 | |c BK | ||
| 999 | |c 240240 |d 240240 | ||
| 952 | |0 0 |1 0 |4 0 |7 0 |9 254833 |a DCS |b DCS |d 2019-12-12 |l 0 |p DCSD91 |r 2019-12-12 |t 1 |w 2019-12-12 |y BK | ||